[Event "Thessaloniki SKG op-B 5th"]
[Site "Thessaloniki"]
[Date "2024.08.12"]
[Round "8"]
[White "Avanesyan, Aleksandr"]
[Black "Ioannidis, Konstantinos I"]
[Result "1-0"]
[WhiteElo "1700"]
[BlackElo "1683"]
[PlyCount "59"]
[EventDate "2024.08.06"]
[EventType "swiss"]
[EventRounds "9"]
[EventCountry "GRE"]
[SourceTitle "EXT 2025"]
[Source "ChessBase"]
[SourceDate "2024.10.14"]
[SourceVersion "1"]
[SourceVersionDate "2024.10.14"]
[SourceQuality "1"]

1. c4 Nf6 2. Nc3 g6 3. g3 Bg7 4. Bg2 0-0 5. d3 d6 6. Nf3 e5 7. 0-0 h6 8. e4 Qe7 9. h3 Nbd7 10. Be3 c6 11. Qd2 Kh7 12. Ne1 Ne8 13. Nc2 Nc7 14. b3 Nf6 15. d4 Bd7 16. Rac1 Rad8 17. d5 c5 18. b4 b6 19. Kh2 Ng8 20. bxc5 bxc5 21. Bxc5 dxc5 22. d6 Qe6 23. dxc7 Rc8 24. Nd5 Ne7 25. Nce3 Bc6 26. Qa5 f5 27. Qxc5 Rf7 28. Nxe7 Rxe7 29. exf5 gxf5 30. Qxc6 1-0